00856nam a22002177a 450000500170000001000150001702000260003203500140005803700090007208200110008110000270009224500570011926000620017627001000023830000330033850000700037170000240044194200250046599900190049095201290050920240522125650.0 aENG-140473 c500.00a9789391255046 aEN-124005 bDBAD a615.82 dMoorthy, A. M. 966746 aTheraupeutic Yoga/cBy A. M. Moorthy And P. Ramasamy bSree Balaji Medical College And Hospitalc2022aTamilnadu aBharath Institute Of Higher Education & Research (BIHER), Chromepet, ChennaibTamilnadue600044 aviii, 330p.c21cm(pbk)bill. aList Of Imp. Words, Meanings Of Prefixes And Suffixes, References aRamasamy, P.966738 2ddccENh615.82mMOO c203168d203168 001040708NFICaCJbCJd2024-05-22eDBADg500.00l0o615.82 MOOpEN-124005r2024-05-22 00:00:00t1v500.00w2024-05-22yEN